000 nam a22 7a 4500
999 _c8257
_d8257
008 171213b xxu||||| |||| 00| 0 eng d
020 _a9788190719001
100 _aCharnwood, Lord
_94681
245 _aA Complete biography of Abraham Lincoln
260 _aNew Delhi
_bMaanu Graphics